[Event "Dortmund Sparkassen op-B 47th"]
[Site "Dortmund"]
[Date "2019.07.16"]
[Round "4"]
[White "Oezdemir, Edwin Daniel"]
[Black "Nasoyan, Maksim"]
[Result "0-1"]
[WhiteElo "1665"]
[BlackElo "1963"]
[PlyCount "40"]
[EventDate "2019.07.13"]
[EventType "swiss"]
[EventRounds "9"]
[EventCountry "GER"]
[SourceTitle "CBM 192 Extra"]
[Source "Chessbase"]
[SourceDate "2019.11.06"]
[SourceVersion "1"]
[SourceVersionDate "2019.11.06"]
[SourceQuality "1"]

1. e4 d5 2. exd5 Qxd5 3. Nc3 Qa5 4. d4 Nf6 5. Bc4 Nc6 6. Nge2 Bf5 7. 0-0 0-0-0 8. Be3 e5 9. a3 Nxd4 10. Nxd4 exd4 11. Bxd4 Bxc2 12. Qxc2 Rxd4 13. Bxf7 Bd6 14. Rfd1 Rxd1+ 15. Rxd1 Qe5 16. g3 Rf8 17. Bd5 Bc5 18. Rd2 Qe1+ 19. Kg2 Ng4 20. Ne4 Ne3+ 0-1

[Event "Dortmund Sparkassen op-B 47th"]
[Site "Dortmund"]
[Date "2019.07.15"]
[Round "3"]
[White "Nasoyan, Maksim"]
[Black "Schaeufele, Joerg"]
[Result "1-0"]
[WhiteElo "1963"]
[BlackElo "1718"]
[PlyCount "69"]
[EventDate "2019.07.13"]
[EventType "swiss"]
[EventRounds "9"]
[EventCountry "GER"]
[SourceTitle "CBM 192 Extra"]
[Source "Chessbase"]
[SourceDate "2019.11.06"]
[SourceVersion "1"]
[SourceVersionDate "2019.11.06"]
[SourceQuality "1"]

1. d4 d5 2. c4 e5 3. dxe5 d4 4. g3 Nc6 5. Nf3 Be6 6. b3 Qd7 7. Bb2 Bb4+ 8. Nbd2 0-0-0 9. a3 Bxd2+ 10. Qxd2 Bh3 11. Bxh3 Qxh3 12. 0-0-0 f6 13. exf6 Nxf6 14. Qf4 Rhf8 15. Ng5 Qd7 16. f3 Nd5 17. Qg4 Qxg4 18. fxg4 Ne3 19. Ne6 Nxd1 20. Kxd1 Rde8 21. Nxf8 Rxf8 22. c5 b6 23. cxb6 axb6 24. Kd2 g6 25. Rc1 Kd7 26. Rc4 Rf2 27. h4 Rg2 28. Bxd4 Rxg3 29. Bc3 Kd6 30. Rf4 Ke7 31. g5 Rh3 32. a4 Nd8 33. Bf6+ Ke8 34. Re4+ Kd7 35. Rd4+ 1-0

[Event "Dortmund Sparkassen op-B 47th"]
[Site "Dortmund"]
[Date "2019.07.14"]
[Round "2"]
[White "Kleinert, Andreas"]
[Black "Nasoyan, Maksim"]
[Result "0-1"]
[WhiteElo "1759"]
[BlackElo "1963"]
[PlyCount "96"]
[EventDate "2019.07.13"]
[EventType "swiss"]
[EventRounds "9"]
[EventCountry "GER"]
[SourceTitle "CBM 192 Extra"]
[Source "Chessbase"]
[SourceDate "2019.11.06"]
[SourceVersion "1"]
[SourceVersionDate "2019.11.06"]
[SourceQuality "1"]

1. c4 e5 2. g3 Nc6 3. Bg2 Bc5 4. Nc3 a6 5. a3 Ba7 6. e3 d6 7. Nge2 Be6 8. b3 Qd7 9. 0-0 Bh3 10. d4 Bxg2 11. Kxg2 Nf6 12. d5 Ne7 13. e4 h5 14. Bg5 h4 15. gxh4 Ng6 16. Ng3 Rxh4 17. Nf5 Rg4+ 18. Qxg4 Nxg4 19. Nxg7+ Kf8 20. Nf5 Nf4+ 21. Kg3 Nxf2 22. Bh6+ Ke8 23. Rxf2 Bxf2+ 24. Kxf2 Kd8 25. Bxf4 exf4 26. Rg1 Qe8 27. Nh6 Ke7 28. Rg8 Qxg8 29. Nxg8+ Rxg8 30. Nd1 Rh8 31. Kg2 Kf6 32. Nf2 Ke5 33. Kf3 Kd4 34. h3 Kc3 35. Kxf4 Kxb3 36. c5 Kc4 37. cxd6 cxd6 38. Kf5 Kd4 39. Kf6 Ke3 40. Kg7 Rh4 41. e5 Kxf2 42. exd6 Rd4 43. Kxf7 Rxd5 44. Ke6 Rd4 45. Ke5 Ke3 46. Ke6 b5 47. d7 a5 48. h4 Kf4 0-1

[Event "GER-ch U25-A"]
[Site "Willingen"]
[Date "2019.06.12"]
[Round "5"]
[White "Weber, Samuel"]
[Black "Nasoyan, Maksim"]
[Result "1-0"]
[WhiteElo "2160"]
[BlackElo "1878"]
[PlyCount "59"]
[EventDate "2019.06.08"]
[EventType "swiss"]
[EventRounds "9"]
[EventCountry "GER"]
[SourceTitle "CBM 191 Extra"]
[Source "ChessBase"]
[SourceDate "2019.09.30"]
[SourceVersion "1"]
[SourceVersionDate "2019.09.30"]
[SourceQuality "1"]

1. e4 c5 2. Nf3 a6 3. a4 Nc6 4. g3 g6 5. Bg2 Bg7 6. 0-0 d6 7. d3 e6 8. c3 Nge7 9. Be3 0-0 10. Qd2 f5 11. Na3 Rb8 12. Bh6 e5 13. Bxg7 Kxg7 14. exf5 Nxf5 15. Rfe1 Qf6 16. Nc4 b5 17. axb5 axb5 18. Ne3 Nce7 19. Ra7 Nxe3 20. Qxe3 Rf7 21. Ng5 Rf8 22. Ne4 Qe6 23. Nxc5 dxc5 24. Qxe5+ Qxe5 25. Rxe5 Rf7 26. Rexe7 Rxe7 27. Rxe7+ Kf6 28. Re8 b4 29. c4 Kf7 30. Rh8 1-0

[Event "GER-ch U25-A"]
[Site "Willingen"]
[Date "2019.06.10"]
[Round "3"]
[White "Struck, Lasse"]
[Black "Nasoyan, Maksim"]
[Result "0-1"]
[WhiteElo "1770"]
[BlackElo "1878"]
[PlyCount "86"]
[EventDate "2019.06.08"]
[EventType "swiss"]
[EventRounds "9"]
[EventCountry "GER"]
[SourceTitle "CBM 191 Extra"]
[Source "ChessBase"]
[SourceDate "2019.09.30"]
[SourceVersion "1"]
[SourceVersionDate "2019.09.30"]
[SourceQuality "1"]

1. e4 e5 2. Nf3 Nc6 3. Bb5 a6 4. Ba4 Nf6 5. 0-0 b5 6. Bb3 Be7 7. Re1 0-0 8. d3 d6 9. c3 Na5 10. Bc2 c5 11. d4 Bg4 12. d5 c4 13. Nbd2 Re8 14. Nf1 Bf8 15. h3 Bxf3 16. Qxf3 Nd7 17. Ng3 g6 18. Be3 Nb7 19. a4 Nbc5 20. Qg4 Bg7 21. Ra3 h5 22. Qe2 Qc7 23. Rea1 Qb7 24. Nf1 Kh7 25. g4 hxg4 26. hxg4 f6 27. f3 Kg8 28. Ng3 Kf7 29. Kf2 Ke7 30. Ke1 b4 31. cxb4 Qxb4+ 32. Bd2 Qxb2 33. Bc3 Qb6 34. a5 Qa7 35. Nf1 Bh6 36. Nd2 Bxd2+ 37. Kxd2 Rh8 38. Rb1 Rh7 39. Qxc4 Rh2+ 40. Kc1 g5 41. Ra2 Rah8 42. Bb3 Nxb3+ 43. Qxb3 Qg1+ 0-1

[Event "GER-ch U25-A"]
[Site "Willingen"]
[Date "2019.06.09"]
[Round "1"]
[White "Nasoyan, Maksim"]
[Black "Terhuven, Patrick"]
[Result "0-1"]
[WhiteElo "1878"]
[BlackElo "2192"]
[PlyCount "60"]
[EventDate "2019.06.08"]
[EventType "swiss"]
[EventRounds "9"]
[EventCountry "GER"]
[SourceTitle "CBM 191 Extra"]
[Source "ChessBase"]
[SourceDate "2019.09.30"]
[SourceVersion "1"]
[SourceVersionDate "2019.09.30"]
[SourceQuality "1"]

1. Nf3 c5 2. d4 cxd4 3. Nxd4 g6 4. g3 Bg7 5. c4 Nc6 6. Nc2 Nf6 7. Bg2 0-0 8. 0-0 d6 9. Nc3 Nd7 10. e4 Nc5 11. Be3 Be6 12. Qe2 Bxc3 13. bxc3 Ne5 14. f4 Bxc4 15. Qd2 Bxf1 16. Rxf1 Nc4 17. Qe2 Nxe3 18. Nxe3 e6 19. f5 exf5 20. exf5 Qg5 21. Rf4 Rae8 22. Qf3 Nd3 23. h4 Qe7 24. Nd5 Qe1+ 25. Kh2 Nxf4 26. Nf6+ Kg7 27. Qxf4 Kxf6 28. h5 Qe5 29. Qh4+ Kg7 30. f6+ Kh8 0-1

[Event "NRW Class2 1718"]
[Site "Germany"]
[Date "2018.03.11"]
[Round "7.8"]
[White "Nasoyan, Maksim"]
[Black "Biedekoepper, Robert"]
[Result "0-1"]
[WhiteElo "1872"]
[BlackElo "2065"]
[PlyCount "32"]
[EventDate "2017.09.17"]
[EventType "team-tourn"]
[EventRounds "9"]
[EventCountry "GER"]
[SourceTitle "EXT 2019"]
[Source "ChessBase"]
[SourceDate "2018.10.10"]
[SourceVersion "1"]
[SourceVersionDate "2018.10.10"]
[SourceQuality "1"]
[WhiteTeam "Ennepe Ruhr Sued"]
[BlackTeam "Godesberg"]
[WhiteTeamCountry "GER"]
[BlackTeamCountry "GER"]

1. Nf3 c5 2. e4 Nc6 3. Bb5 e6 4. Bxc6 bxc6 5. d3 d6 6. 0-0 g6 7. e5 d5 8. Be3 h5 9. Qc1 Nh6 10. Bg5 Qc7 11. Bf6 Rg8 12. Ng5 Ng4 13. Nh7 Nxe5 14. Nxf8 Ng4 15. g3 Nxf6 16. Qg5 Qe7 0-1

[Event "Dortmund Sparkassen op-A 45th"]
[Site "Dortmund"]
[Date "2017.07.19"]
[Round "5"]
[White "Nasoyan, Maksim"]
[Black "Ciornei, Dragos"]
[Result "0-1"]
[WhiteElo "1860"]
[BlackElo "2118"]
[PlyCount "38"]
[EventDate "2017.07.15"]
[EventType "swiss"]
[EventRounds "9"]
[EventCountry "GER"]
[SourceTitle "CBM 179 Extra"]
[Source "ChessBase"]
[SourceDate "2017.08.23"]
[SourceVersion "1"]
[SourceVersionDate "2017.08.23"]
[SourceQuality "1"]

1. e4 e5 2. Nf3 Nc6 3. Bc4 Nf6 4. d4 exd4 5. 0-0 Nxe4 6. Re1 d5 7. Bxd5 Qxd5 8. Nc3 Qh5 9. Rxe4+ Be6 10. Rh4 Qa5 11. Nxd4 0-0-0 12. Be3 Be7 13. Nxc6 Rxd1+ 14. Rxd1 bxc6 15. Ra4 Qf5 16. Rxa7 Kb8 17. Ra4 Rd8 18. Ba7+ Kb7 19. Bd4 c5 0-1

[Event "Dortmund Sparkassen op-B 44th"]
[Site "Dortmund"]
[Date "2016.07.16"]
[Round "8"]
[White "Scholtyschik, Kevin"]
[Black "Nasoyan, Maksim"]
[Result "1/2-1/2"]
[WhiteElo "1537"]
[BlackElo "1581"]
[PlyCount "52"]
[EventDate "2016.07.09"]
[EventType "swiss"]
[EventRounds "9"]
[EventCountry "GER"]
[SourceTitle "CBM 173 Extra"]
[Source "ChessBase"]
[SourceDate "2016.08.29"]
[SourceVersion "1"]
[SourceVersionDate "2016.08.29"]
[SourceQuality "1"]

1. e4 c5 2. Nf3 Nc6 3. d4 cxd4 4. Nxd4 Nf6 5. Nc3 e5 6. Nb3 Bb4 7. Bc4 Nxe4 8. Qd5 Nd6 9. Bd2 Nxc4 10. Qxc4 0-0 11. 0-0 a6 12. a3 Bd6 13. Ne4 Bc7 14. Qd3 d5 15. Nc3 d4 16. Ne4 a5 17. Ng5 g6 18. Ne4 Bf5 19. Bh6 Qh4 20. Bxf8 Bxe4 21. Qe2 Bd5 22. Qb5 Bxg2 23. Kxg2 Qg4+ 24. Kh1 Qh3 25. Qxb7 Qf3+ 26. Kg1 Qg4+ 1/2-1/2